000 01884nam a22002417a 4500
999 _c58317
_d58317
003 Ge_BSU
005 20211103134429.0
008 211103s2009 ge ||||| |||| 00| 0 geo d
020 _a9789941404665
041 _ageo
080 _a128/129+165.745 ს-47
245 _aსიცოცხლის ფილოსოფია : პრობლემები და პერსპექტივები :
_b [კრებული /
_c გრ. რობაქიძის სახ. უნ-ტი, ფილოსოფიის ინ-ტის ქართ. და უცხოეთის ფილოს. ისტორიის განყ-ბა, შოთა რუსთაველის სახელმწ. უნ-ტი ; რედ.-შემდგ.: ლალი ზაქარაძე, მიხეილ გოგატიშვილი].
264 _aთბ. :
_bნეკერი,
_c2009.
300 _a87 გვ. ;
_b20 სმ.
440 _aფილოსოფია, სოციოლოგია, მედიის თეორია
_912798
501 _aსახელთა საძიებელი: გვ. 86-87.
504 _aბიბლიოგრ. ტექსტ. შენიშვნ.
653 _aსიცოცხლის ფილოსოფია
700 _aზაქარაძე, ლალი
_eრედ.-შემდგენელი
_912799
700 _aგოგატიშვილი, მიხეილ
_eრედ.-შემდგენელი
_912795
710 _a გრ. რობაქიძის სახ. უნ-ტი, ფილოსოფიის ინ-ტის ქართ. და უცხოეთის ფილოს. ისტორიის განყ-ბა, შოთა რუსთაველის სახელმწ. უნ-ტი
_912800
942 _2udc
_cBK